| 000 | 00341nam a22001457a 4500 | ||
|---|---|---|---|
| 020 | _a978-93-83080-09-0 | ||
| 082 |
_a894.812.3 _bKAV/V |
||
| 100 | _aKAVILPPAD, A B V | ||
| 245 | _aVEERBAL KATHAKAL | ||
| 250 | _a6 | ||
| 260 |
_aTHRISSUR _bH&C PUBLISHING HOUSE _c2013 |
||
| 300 | _a90 | ||
| 650 |
_aMALAYALAM SHORT STORY _zKERALA |
||
| 942 | _cBK | ||
| 999 |
_c1503 _d1503 |
||